Authors by their works Quiz Stats

 Plays Quiz not verified by Sporcle

Also try: Hugo Award Novels
Challenge
Share
Tweet
Embed
Score 0/55 Timer 07:00
0 Plays Today
Works Author % Correct
As You Like It, The Tempest, Romeo and JulietWilliam Shakespeare
93.1%
Tale of Two Cities, David Copperfield, Oliver TwistCharles Dickens
92.7%
Capture of Oechalia, The Iliad, The OdysseyHomer
92.4%
Manfield Park, Sense and Sensibility, Pride and PrejudiceJane Austen
92.4%
The Mysterious Stranger, Prince and the Pauper, Adventures of Huckleberry FinnMark Twain
91.7%
Homage to Catalonia, Animal Farm, Nineteen Eighty-FourGeorge Orwell
91.3%
East of Eden, Of Mice and Men, The Grapes of WrathJohn Steinbeck
89.6%
The Bells, Annabel Lee, The RavenEdgar Allen Poe
88.6%
The Professor, Villette, Jane EyreCharlotte Bronte
87.5%
The Sun Also Rises, A Farewell to Arms, For Whom the Bell TollsErnest Hemingway
87.2%
The Beautiful and the Damned, Tender is the Night, The Great GatsbyF. Scott Fitzgerald
86.9%
The Inferno, The Purgatorio, The Paradiso(Alighieri) Dante
86.5%
The Death of Ivan Ilyich, Anna Karenina, War and PeaceLeo Tolstoy
85.8%
Jabberwocky, Through the Looking Glass, Alice's Adventures in WonderlandLewis Carroll
84.4%
The Dead, Finnegan's Wake, UlyssesJames Joyce
83.4%
Typee, Billy Budd, Moby DickHerman Melville
80.6%
The Sea Wolf, White Fang, Call of the WildJack London
78.9%
Twenty Years After, The Counte of Monte Cristo, The Three MusketeersAlexander Dumas
78.5%
Glass Menagerie, Cat on a Hot Tin Roof, A Streetcar Named DesireTennessee Williams
78.2%
The Burgraves, The Hunchback of Notre Dame, Les MiserablesVictor Hugo
78.2%
Twice-Told Tales, The House of Seven Gables, The Scarlet LetterNathaniel Hawthorne
77.9%
A View from the Bridge, Death of a Salesmen, The CrucibleArthur Miller
77.9%
De Profundis, The Importance of Being Earnest, The Picture of Dorian GrayOscar Wilde
75.4%
Samson Agonistes, Paradise Regained, Paradise LostJohn Milton
74.7%
Point Counter Point, Island, Brave New WorldAldous Huxley
74.4%
Jo's Boys, Little Men, Little WomenLouisa May Alcott
72.7%
Nostromo, Lord Jim, Heart of DarknessJoseph Conrad
70.6%
'Other Voices, Other Rooms', Breakfast and Tiffany's, In Cold BloodTruman Capote
70.6%
Works Author % Correct
'Absalom, Absalom!', Light in August, The Sound and the FuryWilliam Faulkner
69.2%
'Speak, Memory', A Pale Fire, LolitaVladimir Nabokov
64%
Leaf Storm, Love in the Time of Cholera, One Hundred Years of SolitudeGabriel Garcia Marquez
61.9%
Murder in the Cathedral, The Love Song of J. Alfred Prufrock, The WastelandT. S. Eliot
59.9%
The Idiot, the Brothers Karamazov, Crime and PunishmentFyodor Dostoyevsky
59.5%
The Rebel, The Plague, The StrangerAlbert Camus
59.2%
The Maid of Orleans, Henriade, CandideVoltaire
58.8%
Letters Writ by a Turkish Spy, The True-Born Englishman, Robinson CrusoeDaniel Defoe
58.8%
Ecologues, The Georgics, The AeneidVirgil
58.1%
Oedipus Rex, Antigone, ElectraSophocles
57.1%
Immaturity, The Irrational Knot, PygmalionGeorge Bernard Shaw
55.4%
Peer Gynt, Hedda Gabler, A Doll's HouseHenrik Ibsen
53.3%
The Open Boat, The Blue Hotel, The Red Badge of CourageStephen Crane
49.1%
Wilhelm Meister's Apprenticeship, The Sorrows of Young Werther, FaustJohann Wolfgang von Goethe
48.4%
The Sketch Book, Rip Van Winkle, The Legend of Sleepy HollowWashington Irving
48.4%
Christabel, Kubla Khan, The Rime of the Ancient MarinerSamuel Taylor Coleridge
46.4%
Mercier et Camier, End Game, Waiting for GodotSamuel Beckett
45.7%
The Song of the Lark, O Pioneers!, My AntoniaWilla Cather
45.7%
Catherine, The Luck of Barry Lyndon, Vanity FairWilliam Makepeace Thackeray
45%
Locksley Hall, The Charge of the Light Brigade, Idylls of the KingAlfred Lord Tennyson
43.9%
Arrow of God, No Longer at Ease, Things Fall ApartChinua Achebe
43.3%
The Skin of Our Teeth, The Bridge of San Luis Rey, Our TownThornton Wilder
36.7%
Buddenbrooks, The Magic Mountain, Death in VeniceThomas Mann
34.3%
Morning Becomes Electra, Long Day's Journey Into Night, The Iceman ComethEugene O'Neill
32.5%
The Four Zoas, The Marriage of Heaven and Hell, Songs of Innocence and of ExperienceWilliam Blake
26.6%
The Tales of Late Ivan Petrovich Belkin, Boris Godunov, Eugene OneginAleksandr Pushkin
26.3%
Agamemnon, The Oresteia, Promethius BoundAeschylus
22.5%

You're not logged in!

Compare scores with friends on all Sporcle quizzes.
Join for Free
OR
Log In

You Might Also Like...

Show Comments

Extras

Top Quizzes Today


Score Distribution

Your Account Isn't Verified!

In order to create a playlist on Sporcle, you need to verify the email address you used during registration. Go to your Sporcle Settings to finish the process.

Report this User

Report this user for behavior that violates our Community Guidelines.

Details: